[Event "Rodovremesterskabet Gruppe C 2009"]
[Site "Rodovre"]
[Date "2009.10.20"]
[Round "7"]
[White "Christensen, Bent2"]
[Black "Wadtland, Flemming"]
[Result "1-0"]
[WhiteElo "1200"]
[BlackElo "1145"]
[PlyCount "37"]
[EventDate "2009.??.??"]

1. e4 e5 2. Bc4 d6 3. d3 Be7 4. h3 c6 5. Qf3 Nf6 6. Nc3 b5 7. Bb3 Na6 8. a3 Be6
9. Bxe6 fxe6 10. Qg3 g6 11. Bh6 Kd7 12. Nf3 Qg8 13. d4 exd4 14. Nxd4 c5 15.
Ndxb5 Nh5 16. Qd3 g5 17. O-O-O Qg6 18. Nxd6 Nf4 19. Qb5+ 1-0